00897cam 22002771 45000010009000000050017000090080041000260350021000679060045000880100017001330150015001500350018001650400032001830500020002150820008002351000044002432450074002872500012003612600056003733000035004295040027004646500024004919850021005159910048005360990035005841030615919980421194030.0740405s1962 nyua b 000 0 eng  9(DLC) 61018312 a7bcbccoclcrplduencipf19gy-gencatlg a 61018312  aGB62-12244 a(OCoLC)850794 aDLCcOClW-HdOCoLCdUkdDLC00aRC46b.H32 1962 a6161 aHarrison, Tinsley Randolph,d1900-eed.00aPrinciples of internal medicine.cEditors: T.R. Harrison [and others] a4th ed. aNew York,bBlakiston Division, McGraw-Hill,c[1962] axxiii, 1947 p.billus.c26 cm. aIncludes bibliography. 0aMedicinexPractice. eOCLC REPLACEMENT bc-GenCollhRC46i.H32 1962tCopy 1wOCLCREP aharrison-principles-1071962247